2 Letter Country Codes (ISO 3166-1 alpha-2) - Statistics

General Stats
  • This quiz has been taken 395 times
  • The average score is 150 of 196
Answer Stats
Country Two-Letter Code % Correct
Albania AL
97%
Australia AU
97%
Afghanistan AF
96%
Antigua & Barbuda AG
96%
Argentina AR
95%
Azerbaijan AZ
93%
Bahrain BH
93%
Brazil BR
93%
Belgium BE
92%
Austria AT
91%
Bulgaria BG
91%
Colombia CO
91%
Canada CA
90%
France FR
90%
Andorra AD
89%
Armenia AM
89%
Brunei BN
89%
Costa Rica CR
89%
Finland FI
89%
Greece GR
89%
Bolivia BO
88%
Cameroon CM
88%
Egypt EG
88%
India IN
88%
Bosnia & Herzegovina BA
87%
Bahamas BS
87%
Switzerland CH
87%
Hungary HU
87%
Iran IR
87%
Japan JP
87%
Belize BZ
86%
Ethiopia ET
86%
Georgia GE
86%
Indonesia ID
86%
Iraq IQ
86%
Italy IT
86%
Liechtenstein LI
86%
Bhutan BT
85%
Cyprus CY
85%
Germany DE
85%
Denmark DK
85%
Gabon GA
85%
United Kingdom GB
85%
Haiti HT
85%
Israel IL
85%
Bangladesh BD
84%
Burkina Faso BF
84%
Burundi BI
84%
Chile CL
84%
China CN
84%
Cuba CU
84%
Czech Republic CZ
84%
Ecuador EC
84%
Spain ES
84%
Fiji FJ
84%
Ghana GH
84%
Lithuania LT
84%
Morocco MA
84%
Madagascar MG
84%
Malta MT
84%
Malaysia MY
84%
New Zealand NZ
84%
Poland PL
84%
Russia RU
84%
Cape Verde CV
83%
Jamaica JM
83%
Kazakhstan KZ
83%
Luxembourg LU
83%
Moldova MD
83%
Mexico MX
83%
Panama PA
83%
Saudi Arabia SA
83%
United Arab Emirates AE
82%
Dominica DM
82%
Gambia GM
82%
Guinea GN
82%
Guyana GY
82%
Jordan JO
82%
Kenya KE
82%
Kiribati KI
82%
Laos LA
82%
Lebanon LB
82%
Mali ML
82%
Niger NE
82%
Nigeria NG
82%
Nepal NP
82%
Philippines PH
82%
Qatar QA
82%
Sierra Leone SL
82%
United States US
82%
Botswana BW
81%
Djibouti DJ
81%
Mozambique MZ
81%
Nauru NR
81%
Romania RO
81%
Sweden SE
81%
San Marino SM
81%
Congo (Dem. Rep.) CD
80%
Eritrea ER
80%
Guatemala GT
80%
Ireland IE
80%
Kuwait KW
80%
Mongolia MN
80%
Pakistan PK
80%
Slovakia SK
80%
Somalia SO
80%
Suriname SR
80%
Syria SY
80%
Thailand TH
80%
Libya LY
79%
Malawi MW
79%
Namibia NA
79%
Nicaragua NI
79%
Oman OM
79%
Rwanda RW
79%
Barbados BB
78%
Dominican Republic DO
78%
Monaco MC
78%
Norway NO
78%
Peru PE
78%
Portugal PT
78%
Tonga TO
78%
Ivory Coast CI
77%
Grenada GD
77%
Latvia LV
77%
Yemen YE
77%
Angola AO
76%
Lesotho LS
76%
Mauritania MR
76%
Mauritius MU
76%
Netherlands NL
76%
Papua New Guinea PG
76%
Singapore SG
76%
Senegal SN
76%
Togo TG
76%
Tunisia TN
76%
Taiwan TW
76%
Uganda UG
76%
Vatican City VA
76%
South Africa ZA
76%
Honduras HN
75%
El Salvador SV
75%
Tanzania TZ
75%
Venezuela VE
75%
Vietnam VN
75%
Iceland IS
74%
Liberia LR
74%
Montenegro ME
74%
Paraguay PY
74%
South Sudan SS
74%
Tajikistan TJ
74%
Turkey TR
74%
Ukraine UA
74%
Uzbekistan UZ
74%
Zambia ZM
74%
Maldives MV
73%
Turkmenistan TM
73%
Tuvalu TV
73%
Sudan SD
72%
Slovenia SI
72%
São Tomé & Principe ST
72%
Trinidad & Tobago TT
72%
Uruguay UY
72%
Zimbabwe ZW
71%
South Korea KR
68%
Myanmar MM
68%
Vanuatu VU
68%
Kyrgyzstan KG
67%
Seychelles SC
67%
St. Kitts & Nevis KN
66%
Croatia HR
64%
Congo (Rep. of.) CG
60%
East Timor TL
60%
Estonia EE
59%
Solomon Islands SB
58%
Marshall Islands MH
55%
Central African Republic CF
54%
Eswatini SZ
53%
Cambodia KH
51%
St. Lucia LC
51%
Belarus BY
49%
Algeria DZ
49%
Micronesia FM
47%
Serbia RS
47%
North Korea KP
44%
Chad TD
44%
Sri Lanka LK
43%
St. Vincent & the Grenadines VC
43%
North Macedonia MK
42%
Equatorial Guinea GQ
41%
Benin BJ
32%
Comoros KM
32%
Palau PW
30%
Kosovo XK
29%
Guinea-Bissau GW
26%
Samoa WS
24%
No matching quizzes found
Score Distribution
Percent of People with Each Score
Percentile by Number Answered
Your Score History
You have not taken this quiz